Optical Network Control Architecture,Protocols,and Standards (Record no. 23366)

000 -LEADER
fixed length control field 00318nam a22000977a 4500
003 - CONTROL NUMBER IDENTIFIER
control field Nust
005 - DATE AND TIME OF LATEST TRANSACTION
control field 20170316124402.0
008 - FIXED-LENGTH DATA ELEMENTS--GENERAL INFORMATION
fixed length control field 130411b xxu||||| |||| 00| 0 eng d
020 ## - INTERNATIONAL STANDARD BOOK NUMBER
Terms of availability Avalable
International Standard Book Number 8129706911
040 ## - CATALOGING SOURCE
Original cataloging agency DLC
Language of cataloging DLC
Transcribing agency RCMS
082 ## - DEWEY DECIMAL CLASSIFICATION NUMBER
Classification number 621.3827BRE
Author Mark 000090
100 ## - MAIN ENTRY--PERSONAL NAME
Personal name Bernstein, Greg
245 ## - TITLE STATEMENT
Title Optical Network Control Architecture,Protocols,and Standards
260 ## - PUBLICATION, DISTRIBUTION, ETC.
Place of publication, distribution, etc. India
Name of publisher, distributor, etc. Pearson Education
Date of publication, distribution, etc. c2004
300 ## - PHYSICAL DESCRIPTION
Extent xvii,444,p:
Other physical details ill:
Dimensions 26,cm.
650 ## - SUBJECT ADDED ENTRY--TOPICAL TERM
Topical term or geographic name entry element Computer Networking
856 ## - ELECTRONIC LOCATION AND ACCESS
Materials specified Table of Content Only
942 ## - ADDED ENTRY ELEMENTS (KOHA)
Source of classification or shelving scheme
Koha item type Book
Holdings
Withdrawn status Lost status Source of classification or shelving scheme Damaged status Not for loan Collection code Permanent Location Current Location Shelving location Date acquired Full call number Barcode Date last seen Price effective from Koha item type Total Checkouts Date last checked out
            NUST Baluchistan Campus (NBC) NUST Baluchistan Campus (NBC) General Stacks 04/11/2013 621.3827BER RCMS000090 04/11/2013 04/11/2013 Book    
            NUST Baluchistan Campus (NBC) NUST Baluchistan Campus (NBC) General Stacks 12/18/2013 621.3827BER RCMS000455 09/04/2014 12/18/2013 Book 1 04/16/2014
© 2023 Central Library, National University of Sciences and Technology. All Rights Reserved.